000 00632nam a2200181 4500
999 _c512234
_d512234
008 191115b ||||| |||| 00| 0 eng d
100 _aSingh, Chandrika
_913229
245 _aPublic investment for addressing childhood wasting in Maharashtra and Karnataka
260 _bEconomic and Political Weekly
300 _a54(39), 28 Sep, 2019: p.67-73.
650 _aInvestment - India - Maharashtra
_913230
650 _aInvestment - India - Karnataka
_913231
650 _aChildren - India
_913232
700 _aShrivastava, Saumya
_913233
773 _aEconomic and Political Weekly
906 _aInvestment
942 _2ddc
_cAR